| 000 | 01344nam a2200277 a 4500 | ||
|---|---|---|---|
| 003 | DO-SdBNP | ||
| 005 | 20220119105153.0 | ||
| 008 | 150304s 2013 dr acd 00 0 spa d | ||
| 020 | _a9789945887211 | ||
| 040 |
_aDO-SdBNP _bspa _cBPMSU |
||
| 082 |
_a370.7293 _bC932e _222 |
||
| 245 | 0 | 3 |
_aLa crisis educativa y el modelo económico-político en República Dominicana / _cJuan Bosch... [et al.] ; compilación Matías Bosch. |
| 260 |
_aSanto Domingo : _bFundación Juan Bosch, _c2013. |
||
| 300 |
_a116 p. : _bil., retrs. ; _c23 cm. |
||
| 490 | 0 |
_aBosch vive _v4 |
|
| 504 | _aBibliografía : p. 114-116 | ||
| 505 | 0 |
_aIntroducción -- _tLa educación es una actividad clasica -- _tCuatro preguntas a Juan Bosch -- _tLa educación desarraigada / _rMatías Bosch -- _tLimitaciones de la estructura económica para la igual-equidad educativa _rMaría Barrenese -- _tMotivos libertarios en la escuela dominicana / _rJuan Miguel Pérez -- _tEl deber es poder: contextos de opresión, escuelas de liberación / _rJosé Antinoe Fiallo Billini. |
|
| 590 | _6Inventariado, 2022/VM | ||
| 650 | _aEducación | ||
| 650 | 4 |
_aCrisis educativa. _zRepública Dominicana |
|
| 650 | 4 | _aIgualdad en la educación. | |
| 650 | 4 |
_aEdución _xAspectos económicos _zRepública Dominicana |
|
| 700 | 1 |
_aBosch, Matías, _ecomp. |
|
| 910 | _aVMateo V. | ||
| 942 |
_2ddc _cBK |
||
| 999 |
_c13963 _d13963 |
||